00511nam a2200181Ia 450000500170000000800410001702000150005808200130007310000180008624500290010426000370013330000190017065000110018965000100020094200060021095200980021699900150031420250430045404.0240331s9999 xx 000 0 und d a9559595210 bWEEa891 aWeerasinghe,T 0aPituwahal kala tharuniya aBorelsgamuwabCRC printersc1997 a62 p ., ( C 1) aEssays aPoems cL 001040708LaWERCLbWERCLcSSCd2024-03-31l0o 891.48 WEEp2904r2024-03-31w2024-03-31yL c5540d5540